Najcenniejsze firmy świata - Statystyki

Ogólne statystyki
  • Ten quiz został rozwiązany 112 razy
  • Średni wynik to 8 z 30
Statystyki odpowiedzi
Wartość $ Państwo Sektor Firma % Poprawnych
3690 mld Technologia Apple
83%
693 mld Technologia Samsung
74%
3321 mld Technologia Microsoft
69%
3997 mld Technologia Google
62%
1447 mld Automatyczny Tesla
62%
2495 mld Technologia Amazon
60%
1606 mld Technologia Meta
57%
944 mld Sprzedaż detaliczna Wal-Mart
50%
4504 mld Technologia NVIDIA
41%
628 mld Płatność Visa
41%
476 mld Płatność Mastercard
39%
1627 mld Energia Saudi Aramco
23%
512 mld Technologia Oracle
19%
411 mld Technologia AMD
17%
832 mld Bankowość JPMorgan Chase
15%
427 mld Technologia Alibaba
9%
384 mld Bankowość Bank of America
9%
1728 mld Technologia TSMC
7%
538 mld Technologia ASML
6%
432 mld Sieć sklepów Costco
6%
397 mld Technologia Palantir
6%
565 mld Energia ExxonMobil
5%
530 mld Medyczny Johnson & Johnson
4%
1039 mld Konglomerat Berkshire Hathaway
3%
1565 mld Technologia Broadcom
3%
382 mld Sieć sklepów Home Depot
3%
695 mld Technologia Tencent
3%
386 mld Farmaceutyczny AbbVie
2%
978 mld Pharma Eli Lilly
2%
437 mld Technologia Micron
1%
Nie znaleziono quizów pasujących do podanych kryteriów
Rozkład punktacji
Procent ludzi z każdym wynikiem
Percentyl według liczby udzielonych odpowiedzi
Twoja historia wyników
Nie rozwiązałeś tego quizu